Can You Feel The Love Tonight Lyrics - Statistics

General Stats
  • This quiz has been taken 278 times
  • The average score is 111 of 182
Answer Stats
Answer % Correct
Can
99%
can
99%
feel
95%
the
95%
you
95%
love
94%
To
94%
to
94%
tonight?
92%
tonight?
92%
tonight
92%
a
82%
it
70%
It
70%
An
69%
And
67%
and
67%
is
66%
for
64%
in
64%
be
62%
are
60%
we
60%
When
60%
where
60%
It's
59%
it's
59%
of
57%
me
56%
There's
55%
this
55%
with
54%
enough
53%
day
51%
kings
51%
make
51%
surrender
51%
That
49%
away
48%
rest?
48%
rush
48%
turn
48%
calm
47%
Just
47%
moment
47%
very
47%
all
46%
best
46%
they
46%
vagabonds
46%
warrior
46%
enchanted
45%
far
45%
got
45%
heat
45%
sees
45%
through
45%
time
45%
turned
44%
wanderer
44%
Believe
43%
If
43%
restless
42%
us
42%
everyone
41%
rolling
41%
wide-eyed
41%
How
39%
only
38%
laid
37%
Moves
37%
wild
37%
learn
36%
wind
36%
yours
36%
heart
35%
reason
35%
twisting
33%
Beats
32%
kaleidoscope
32%
outdoors
32%
so
30%
voyager
30%
rhyme
29%
star-crossed
28%
were
17%
fair
2%
No matching quizzes found
Score Distribution
Percent of People with Each Score
Percentile by Number Answered
Your Score History
You have not taken this quiz